000 00301nam a22001337a 4500
008 180306b xxu||||| |||| 00| 0 eng d
020 _a9781256328285
041 _aeng
080 _a51
100 _a38
101 _amat
245 _aexcursions in modern mathematics
_cpeter,t
942 _2udc
_cBK
999 _c44187
_d44187